| 000 | 00570nam a2200205Ia 4500 | ||
|---|---|---|---|
| 001 | 16788 | ||
| 003 | GE_BSU | ||
| 008 | 181216s||||||||xx |||||||||||||| ||und|| | ||
| 040 | _cGE_BSU | ||
| 080 | _a821.353.1-1 | ||
| 100 | _aზომლეთელი, ნოე | ||
| 245 | _aრჩეული | ||
| 245 | _cრედ.კ.ბობოხიძე | ||
| 260 | _aთბილისი | ||
| 260 | _bსახელგამი | ||
| 260 | _c1953 | ||
| 300 | _a314გვ. : 1ფურც. პორტრ. ; 21სმ | ||
| 653 | _aრჩეული | ||
| 942 | _cBK | ||
| 999 |
_c49853 _d49853 |
||